000 02217nam1a2200337 i 4500
001 RU\NLR\BIBL_A\012386179
005 20260408071127.0
010 _a9785982282200
_940
035 _a(NLR Aleph) 012386179
090 _a11652703
_c11652703
100 _a20201023g20209999k y0rusy50 ca
101 0 _arus
102 _aRU
105 _a z
181 0 _ai
_baxxe
182 0 _an
200 1 _aЭкология родного края: проблемы и пути решения
_eматериалы XV Всероссийской с международным участием научно-практической конференции
_fФедеральное государственное бюджетное образовательное учреждение высшего образования "Вятский государственный университет", Институт биологии Коми научного центра Уральского отделения Российской академии наук
_g[ответственный редактор: Т. Я. Ашихмина, д-р техн. наук, профессор]
203 _aТекст
_bвизуальный
_cнепосредственный
210 _aКиров
_cВятГУ
_d2020
215 _a20
606 1 _aЭкология
_jСъезды, совещания и т.п
_yКировская область
_92068809
_3RU\NLR\AUTH\661243476
686 1 _aЕ081(2Р351-4Ки)я431(2)
702 1 _4340
_aАшихмина
_bТ. Я.
_gТамара Яковлевна
_9155719
_3RU\NLR\AUTH\770155758
711 1 2 _a"Экология родного края: проблемы и пути их решения", всероссийская с международным участием научно-практическая конференция
_d15
_eКиров
_f2020
_9721314
_3RU\NLR\AUTH\880529675
712 0 2 _4475
_aВятский государственный университет
_cКиров
_3RU\NLR\AUTH\8810048876
_9597808
852 _aNLR
_j2020-3/16161
942 _cBOOK
980 _aNBR